Animals Beginning with 'F or N' - Pictures - Statistics

General Stats
  • This quiz has been taken 180 times
  • The average score is 10 of 24
Answer Stats
Picture Answer % Correct
Flamingo
96%
Fox
96%
Fly
91%
Frog
85%
Ferret
69%
Newt
61%
Flea
56%
Flying Fish
56%
Fruit Bat / Flying Fox
54%
Naked Mole Rat
49%
French Bulldog
40%
Newfoundland
37%
Finch
36%
Flounder
31%
Frilled Necked Lizard
23%
Fur Seal
23%
Nightingale
20%
Frigate Bird
18%
Firefly
16%
Numbat
15%
Neon Tetra
14%
Nit / louse egg
11%
Nightjar
9%
Nyala
9%
No matching quizzes found
Score Distribution
Percent of People with Each Score
Percentile by Number Answered
Your Score History
You have not taken this quiz